| 000 | 00661nam a22001937a 4500 | ||
|---|---|---|---|
| 999 |
_c14732 _d14732 |
||
| 003 | AR-CdUCM | ||
| 008 | 190424b ||||| |||| 00| 0 spa d | ||
| 020 | _a978-84-9101-169-9 | ||
| 040 |
_aMUNICIPALIDAD PROVINCIAL DEL CUSCO _cBIBLIOTECA MUNICIPAL DEL CUSCO |
||
| 082 |
_aPI / 376.1 / _bC23 |
||
| 110 |
_aCanals, Merce _933605 |
||
| 245 |
_aUna historia de colores : _bCon piezas de puzle / |
||
| 260 |
_aBarcelona : _bCombel, _c2017. |
||
| 300 |
_bIlustraciones , _c18 cm. _ePiezas de puzle. |
||
| 440 |
_aUna historia de colores .nĂºmeros. formas. contrarios _933606 |
||
| 650 |
_aTexto infantil _929090 |
||
| 942 |
_2ddc _cLIBROS |
||
| 945 |
_arjall _d2019-04-24 |
||